000 01113nam a22002177a 4500
003 AR-RoUNCS
005 20260212095150.0
008 050714s1977 cl |||||||||||||| ||spa
040 _aAR-BaBN
_bspa
_cAR-RoUNCS
_eaacr
080 _082-32(73)
100 1 _aBach, Richard,
_d1936-
_eautor
_4aut
245 1 0 _aJuan Salvador Gaviota :
_bun relato /
_cRichard Bach ; fotografías de Russell Munson.
250 _a4a ed.
260 _aSantiago de Chile :
_bPomaire,
_c1977.
300 _a144 p. ;
_c18 cm.
520 3 _aJuan Salvador Gaviota es una fábula sobre una gaviota que se rebela contra la vida monótona de su bandada, que solo se preocupa por comer, para dedicarse a la búsqueda de la perfección en el vuelo, explorando nuevas alturas y acrobacias, lo que le lleva a ser exiliada pero la conduce a descubrir la libertad, el autoconocimiento y un propósito más elevado, enseñando que se puede trascender los límites impuestos por uno mismo y la sociedad.
650 7 _2embne
_aLiteratura norteamericana
655 7 _2embne
_aNovelas cortas
700 1 _aMunson, Russell,
_efotógrafo
942 _2udc
_cOG
_n0
999 _c900
_d900